Language Native Names Click Quiz - Easy - Statistics

General Stats
  • This quiz has been taken 1,251 times
  • The average score is 21 of 25
Answer Stats
Hint Answer % Correct
Português Portuguese
97%
Español Spanish
96%
Türkçe Turkish
96%
Nederlands Dutch
95%
ʻŌlelo Hawaiʻi Hawaiian
95%
Norsk Norwegian
95%
Íslenska Icelandic
94%
Kurdî Kurdish
94%
Lëtzebuergesch Luxembourgish
94%
Latviešu valoda Latvian
93%
Svenska Swedish
89%
Brezhoneg Breton
88%
Limba română Romanian
88%
Eesti keel Estonian
87%
Rumàntsch Romansh
86%
Bahasa Melayu Malay
84%
Slovenski jezik Slovenian
83%
Magyar nyelv Hungarian
82%
Hrvatski Croatian
79%
dorerin Naoero Nauruan
79%
Chahta' Choctaw
78%
Slovenčina Slovakian
61%
Tsėhésenėstsestȯtse Cheyenne
58%
Na Vosa Vakaviti Fijian
55%
Kajin M̧ajeļ Marshallese
52%
No matching quizzes found
Score Distribution
Percent of People with Each Score
Percentile by Number Answered
Your Score History
You have not taken this quiz